| 000 | 00494nam a2200181Ia 4500 | ||
|---|---|---|---|
| 008 | 240925s9999 xx 000 0 und d | ||
| 020 | _a013205535x | ||
| 082 | _a658.1511 HOR | ||
| 100 | _aHorngren, Charles T.; Sundem ,Gary L. | ||
| 245 | 0 | _aIntroduction to Management Accounting | |
| 250 | _aNA | ||
| 260 |
_aNew Jersey: _bPrintice- Hall Int. _c,1996. |
||
| 300 |
_axxvii,763p. _bNA _fOriginal |
||
| 500 | _aIncludes Index | ||
| 600 | _aManagement | ||
| 650 | _aManagement | ||
| 942 | _cBK | ||
| 999 |
_c5273 _d5273 |
||